[Event "Match 78__120'/40"]
[Site "Zurich"]
[Date "2024.??.??"]
[Round "29"]
[White "Saitek D+ EGR 10 MHz"]
[Black "Mephisto Polgar sel. 5"]
[Result "1-0"]
[WhiteElo "1992"]
[BlackElo "1991"]
[Annotator "Utzinger,K"]
[PlyCount "92"]
[EventDate "2024.05.22"]
[EventType "match"]
[SourceVersionDate "2024.04.21"]

{[%evp 0,80,28,23,24,-23,3,4,4,-5,-16,2,4,32,43,33,45,48,33,35,35,30,50,42,50,47,44,45,45,21,18,5,6,8,33,1,14,14,-5,11,60,71,24,36,144,25,6,0,0,-2,0,0,0,0,0,0,43,0,0,0,65,65,78,74,98,99,110,109,107,110,123,111,134,111,128,117,129,132,132,125,149,154,147]} 1. d4 d5 {Match 120'/40 | Bediener: Rolf Bühler | 22.08.2024 | 29. Partie: Weiss (Saitek D+) gewinnt | Zwischenstand: 14,5-14,5 (50%) / hypothetisch: 18,0-11,0 (62%) für Mephisto Polgar | Eröffnung: Damengambit, Abtausch Variante | Die ruhig verlaufende Partie wird erst im Endspiel entschieden. Der Mephisto Polgar lässt es zu, dass der Gegner seine beiden Türme auf die 7. Reihe bringen kann. Dieser Machtdemonstration hat Schwarz nichts entgegenzusetzen.} 2. c4 e6 3. Nc3 Nf6 4. cxd5 exd5 5. Bg5 Be7 6. e3 {***ENDE BUCH*** = (0.21) (52% +6% =92% -2%)} c6 7. Bd3 Nbd7 8. Nf3 Ne4 9. Bxe7 Qxe7 {***ENDE BUCH*** = (0.12) (51% +3% =96% -1%)} 10. Qc2 f5 (10... Ndf6 {ist üblicher}) 11. O-O O-O 12. Rac1 {Ein positionell orientierter Schachspieler rümpft die Nase wegen diesem Zug. Weiss erkennt nicht, dass er zwei logische Pläne hat. Der Turmzug nach c1 dient keinem der beiden Pläne. Nach dem Textzug könnte Schwarz, wie von Stockfish 16.1 vorgeschlagen mit 12. ..g5 auf Angriff am Königsflügel antworten.} (12. Rab1 {oder 12.a3 mit der Idee, den Minoritätsangriff am Damenflügel mit b2-4 vorzubereiten.}) (12. Rae1 {um im Zentrum mit f3 und e4 vorzugehen.}) 12... a5 ({Stockfish 16.1:} 12... g5 13. Ne2 a5 14. g3 Ndf6 15. Kg2 a4 16. Rce1 a3 17. b3 Kh8 18. h3 Rg8 19. Rh1 Be6 20. Qc1 Raf8 21. Ref1 Rg7 22. Bb1 Nh5 23. Ne5 f4 24. g4 c5 25. Rh2 fxe3 26. Bxe4 Nf4+ 27. Nxf4 gxf4 {[%eval 44,37]}) 13. Rfe1 {Selbst jetzt kam mit Tempoverlust 13.Tce1 in Frage.} Re8 {Der Turm sollte auf f8 verharren.} (13... g5 $5) (13... Kh8 $5) 14. Na4 Qd6 (14... g5 {verdient den Vorzug}) 15. Rf1 {Erneut zeigt Weiss, dass er keinen Plan hat, hat er doch 13.Tfe1 gespielt.} b5 $6 {Entgegen einer Regel gespielt, die Aktivitäten am Flügel "verbietet", wo der Gegner stärker steht.} ({Besser} 15... Qh6 16. Nc3 g5 17. Ne2 $14) 16. Nc3 Ba6 17. Nh4 (17. Ne2 Bb7 18. a4 b4 $14 {mit leichtem Vorteil für Weiss}) 17... Qf6 (17... g6 {ist genauer}) 18. Nxf5 $5 {Eine interessante Abwicklung, die zum Ausgleich führt.} Qxf5 19. f3 Qg5 20. fxe4 Qxe3+ 21. Kh1 b4 22. Bxa6 Rxa6 23. Nxd5 {Das ist nur auf den ersten Blick ein unverständliches Figurenopfer, weil Weiss sich das Material sofort wieder zurückholt.} cxd5 24. Qc8 {Die überraschende Pointe von 23.Sxd5. Beide Türme und der Sd7 sind angegriffen. Die weisse Dame ist tabu, will Schwarz nicht Matt gesetzt werden.} Ra8 (24... Rxc8 $4 25. Rxc8+ Nf8 26. Rcxf8#) 25. Qxd7 Qxe4 $11 {Es herrscht wieder materieller Ausgleich.} 26. Qf7+ Kh8 27. Rf4 Qe6 28. Qxe6 Rxe6 {Nun steht ein gleich stehendes Doppel-Turmendspiel auf dem Brett.} 29. Rf5 (29. Kg1 {war auch gut, um} Re2 {mit} 30. Rf2 $11 {beantworten zu können.}) 29... Rd6 $6 {Zu passiv, was in Turmendspielen oftmals zur Katastrophe führt. Nach dieser Ungenauigkeit muss Schwarz schon sehr genau spielen, um nicht unter die Räder zu kommen. Wer gerne Turmendspiele studiert, könnte sich stundenlang mit der vorliegenden Stellung beschäftigen.} (29... h6 30. Rxd5 Re2 31. Rb1 Rd2 32. h3 Rf8 33. Rxa5 Rff2 34. Rg1 Rxb2 35. Ra4 Rfd2 $11) (29... Re2 30. Rxd5 Rxb2 31. Rxa5 Re8 32. h3 h6 33. a3 Ree2 34. Rg1 bxa3 35. Ra8+ Kh7 36. Rxa3 Rbd2 37. Ra4 Re4 38. Kh2 Rexd4 $11) 30. Kg1 {Es droht Tc5 und einer der Bauern auf d5 oder a5 fällt.} a4 {Die ausgleichende Fortsetzung auf Suchtiefe 74 ist 30...b3 gemäss der Engine. Aber m.E. ist auch der Textzug nicht zu tadeln.} ({Beast 15 MPV-avx2:} 30... b3 31. a4 h6 32. Rc5 Rb6 33. Rfxd5 Rb4 34. Rxa5 Rxa5 35. Rxa5 Rxd4 36. Ra8+ Kh7 37. Rf8 Rd2 38. Rf2 Rd1+ 39. Rf1 Rd2 40. Rb1 Rd4 41. a5 Ra4 42. Rd1 Ra2 43. Rd2 Rxa5 44. Rd3 Rc5 45. Rxb3 Rc2 46. h3 h5 47. Kh2 Kh6 48. Rb6+ g6 49. Rb4 Rd2 50. Kg3 Rd3+ 51. Kf2 Kg5 52. Rb5+ Kh4 53. Ke2 Rg3 54. Rb4+ Kg5 55. h4+ Kf5 56. Kf2 Rd3 57. g3 Ke6 58. Rb6+ Kf5 59. Rb5+ Ke4 60. Rb4+ Ke5 61. b3 Rc3 62. Rb7 Rc2+ 63. Kf3 Rc3+ {[%eval 0,74] [%wdl 4,992,4]}) 31. Rc5 Rad8 32. Rb5 g6 33. Rf7 {[#]} Kg8 $2 $18 {Das bringt Schwarz in grosse Verlustgefahr, bzw. muss wohl als entscheidender Fehler angesehen werden. Natürlich war 33...T6d7 notwendig, um die Verdopplung der weissen Türme auf der 7. Reihe zu verhindern.} 34. Rbb7 $1 $18 {Dem Saitek D+ ist offenbar die grosse Kraft der Türme auf der 7. Reihe wichtiger als der b4-Bauer.} h6 $2 {Natürlich ist 34...h5 stärker, auch wenn die Engines trotzdem den Gewinn für Weiss proklamieren. Ob der Saitek D+ das dann aber gewinnen könnte, ist zweifelhaft.} 35. Rg7+ Kh8 36. Rh7+ Kg8 37. Rbg7+ Kf8 38. Rb7 Kg8 39. Rxh6 Rf8 40. Rxb4 (40. Rhh7 $1 $18 {verdient den Vorzug}) 40... Re6 {Droht ...Te1 Matt} 41. h3 Kg7 42. Rh4 Ra8 43. Rb7+ Kf6 44. Rf4+ Kg5 45. g3 Re2 {So trampelt Schwarz in ein Mattnetz, aber die Partie war auch sonst schon verloren.} 46. Rh7 Re1+ {***AUFGEGEBEN***} ({Beast 15 MPV-avx2:} 46... Re1+ 47. Kg2 Re2+ 48. Kf3 Re3+ 49. Kxe3 Re8+ 50. Kf3 Re3+ 51. Kxe3 a3 52. h4# {[%eval 32756,245] [%wdl 1000,0,0]}) 1-0

[Event "Match 78__120'/40"]
[Site "Zurich"]
[Date "2024.??.??"]
[Round "31"]
[White "Saitek D+ EGR 10 MHz"]
[Black "Mephisto Polgar sel. 5"]
[Result "1-0"]
[WhiteElo "1992"]
[BlackElo "1991"]
[Annotator "Utzinger,K"]
[PlyCount "112"]
[EventDate "2024.05.22"]
[EventType "match"]
[SourceVersionDate "2024.04.21"]

{[%evp 0,112,29,29,29,23,47,12,4,2,-4,-4,0,-8,0,0,0,0,0,0,-5,-29,-29,-29,32,37,37,37,37,18,26,29,51,0,-4,-10,-15,-25,-8,-18,12,2,64,8,8,0,0,0,0,0,0,0,-9,-24,-24,-32,23,-29,-29,-23,60,0,64,0,0,0,0,0,0,0,0,0,0,0,0,0,23,0,0,0,0,0,0,0,48,51,68,63,66,66,71,66,66,65,115,132,353,396,655,655,655,655,655,557,571,571,585,619,640,640,700,608,757,756,761]} 1. e4 e6 {Match 120'/40 | Bediener: Rolf Bühler | 24.08.2024 | Match 120'/40 | 31. Partie: Weiss (Saitek D+) gewinnt | Zwischenstand: 15,5-15,5 ausgeglichen / hypothetisch: 19-12 (61,3%) für Mephisto Polgar | Eröffnung: Französische Verteidigung, Vorstoss Variante | Der Saitek D+ spielt die ganze Partie einen Tick besser als der Gegner. Er verpasst aber drei Gewinnmöglichkeiten in der Partie, bevor der Mephisto Polgar im Endspiel den vierten, bzw. letzten und entscheidenden Fehler begeht.} 2. d4 d5 3. e5 c5 4. c3 Nc6 5. Nf3 Qb6 6. Be2 cxd4 7. cxd4 Nge7 8. Nc3 Nf5 9. Na4 Bb4+ {***ENDE BUCH*** +/- (0.81 ++) (67% +35% =65% -0%)} 10. Bd2 {***ENDE BUCH***} Qa5 11. Bc3 {[#]} b6 $2 {[%mdl 2] Das ist absolut unpassend und ergibt klaren bzw. entscheidenden Stellungsvorteil für Weiss.} (11... b5 {ist die ausgleichende Alternative} 12. a3 Bxc3+ 13. Nxc3 b4 14. axb4 Qxb4 {und nun gibt es mit 15.Lb5 oder 15.Da4 zwei gleich starke Fortsetzungen} 15. Bb5 {Im LiveBook von ChessBase sind damit 25 Partien zu finden.} (15. Qa4 {5x im LiveBook von ChessBase} Bd7 16. Qxb4 Nxb4 17. Kd2 $11) 15... Bd7 16. Qa4 Qxa4 (16... Qxb2 17. Nxd5 exd5 18. O-O Nfxd4 19. Nxd4 Qxd4 20. Bxc6 Qxa4 21. Bxa4 $11) 17. Rxa4 O-O 18. Kd2 Rfb8 19. g4 Nfe7 $11) 12. a3 $1 Bxc3+ 13. Nxc3 {Die weisse Stellung ist klar besser. Die schwarze Dame steht schlecht und mit 11...b6 hat Schwarz ein wichtiges Tempo für Aktivität am Damenflügel verloren. Meine Engine Rems 150824-avx2 gibt Schwarz nur noch eine 13%-ige Remischance: +/- (1.50) (94% +87% =13% -0%) Depth: 49/75} Ba6 {Sieht zwar gut aus, aber löst die schwarzen Probleme auch nicht mehr.} 14. O-O $2 {Vergibt eine einmalige Gewinnchance.} ({Rems 150824-avx2:} 14. b4 {+- (2.68) (100% +100% =0% -0%)} Bxe2 15. Kxe2 Qa6+ 16. b5 Qa5 17. Qd3 Nce7 18. Nd2 Rc8 19. Rhc1 O-O 20. Kf1 f6 21. exf6 Rxf6 22. Nb3 Rxc3 23. Rxc3 Qa4 24. Rb1 Rf8 25. Kg1 h6 26. g3 Rf7 27. Re1 Rf6 28. Rc7 Ng6 29. Rc8+ Nf8 30. Ra8 Nd6 31. Nc1 Nxb5 32. Ne2 Nd6 33. Nf4 Qd7 34. Ng6 Nc4 35. Kg2 Rf7 36. Rxf8+ Rxf8 37. Nxf8 Kxf8 {[%eval 268,45] [%wdl 999,1,0]}) 14... Bxe2 15. Nxe2 Qb5 16. Qc2 $11 {Nur mit 16.Sc3 oder 16.Tc1 konnte Weiss noch auf einen geringen Vorteil hoffen.} O-O 17. g4 Rac8 18. a4 Qb4 19. Qc3 Nh6 20. h3 Rfd8 $16 {So gerät Schwarz wieder in Nachteil.} 21. Qxb4 {Weiss gibt sich mit Ausgleich zufrieden.} (21. Rfc1 $1 {+/- (0.91) (70% +40% =60% -0%)}) 21... Nxb4 22. Rfc1 Nd3 23. Rxc8 Rxc8 {Nun ist es Weiss, der sich bald um den Ausgleich kümmern muss, weil Schwarz die offene c-Linie beherrscht.} 24. b3 Rc2 25. a5 {Aktive Verteidigung.} b5 $11 26. Ne1 $2 {In leichte Bedrängnis geraten, findet Weiss keine befriedigende Antwort.} ({Rems 150824-avx2:} 26. Kf1 g6 27. Rd1 Nb4 28. Ne1 Rb2 29. Rc1 Rxb3 30. Nf4 Ra3 31. Rc8+ Kg7 32. Rc7 Kf8 33. Rxa7 Ra1 34. Ra8+ Kg7 35. Ra7 Kh8 36. Rc7 Kg8 37. Rc8+ Kg7 38. Rc7 Kg8 {[%eval 0,47] [%wdl 5,990,5]}) 26... Nxe1 $15 27. Rxe1 Ra2 $6 {Gibt die offene Linie auf und gerät selbst leicht ins Hintertreffen. Unsere Oldies vermögen nicht abzuschätzen, dass aktives Agieren im Endspiel meistens wichtiger ist als ein Mehrbauer. Schwarz hätte mit 27...Kf8 den König ins Zentrum führen und eine mögliche Mattdrohung auf c8 beheben sollen.} 28. Kf1 Rxa5 29. Rc1 {[#]} g5 $2 $19 {[%mdl 2] Nun ist es erneut Schwarz, der in eine verlorene Stellung geraten könnte.} (29... Kf8 30. Rc8+ Ke7 31. Rb8 a6 32. Rb7+ Ke8 33. Rb8+ Kd7 34. Ng3 Ra3 35. g5 Nf5 36. Nxf5 exf5 37. Rb7+ Ke6 38. Rb6+ Ke7 39. Rb7+ {und Dauerschach}) 30. Rc5 $2 $11 {Vergibt seine Chance.} ({Rems 150824-avx2:} 30. f4 {+- (3.13) (100% +100% =0% -0%) Depth: 50/74} gxf4 31. Nxf4 Kg7 32. Rc7 Ra3 33. Nxe6+ Kg6 34. Nc5 a5 35. Ke2 b4 36. Ra7 Kg5 37. Kf3 Ra1 38. e6 fxe6 39. Nxe6+ Kf6 40. Nc7 Rf1+ 41. Ke3 Nf7 42. Nxd5+ Kg7 43. Rxa5 Rb1 44. Nxb4 Rh1 45. Rh5 Rb1 46. Nc6 Rxb3+ 47. Kf4 h6 48. h4 Rb1 49. Ne5 Nd6 50. Nf3 Nb5 51. Rd5 Nc3 52. Rc5 Rb3 53. Ne5 Nb5 54. Rc4 {[%eval 319,50] [%wdl 1000,0,0]}) 30... a6 $2 {[%mdl 2] Stolpert zum dritten Mal in den Verlust: +- (2.70) (100% +100% =0% -0%) Depth: 44/75 | Richtig ist 30...Kg6 um 31.f4 mit 31...Kg6 beantworten zu können.} 31. Nc1 $2 $11 {Vorübergehendes Glück, dass der Saitek D+ nicht den Gewinnzug 31.f4! spielt.} Kg7 32. Ke2 Ra3 33. Rc7 a5 34. Rb7 b4 35. Ra7 Kg6 36. Ra6 Ng8 37. Ra7 f6 $14 {Etwas schwächer als das Komplizierte 37...h5! =} 38. exf6 {Nach 38.f4! übernimmt Weiss wieder die Initiative.} Nxf6 39. Re7 Ra1 40. Nd3 Ra2+ 41. Ke1 Kh6 42. Rxe6 Kg6 43. Ra6 Ra3 44. Nc5 Kg7 45. Ra7+ Kh6 {...Kg6 war exakter.} 46. f3 {[#]} Ra2 $2 $18 {[%mdl 2] Gerät zum vierten und letzten Mal in eine verlorene Stellung. Und für einmal lässt der Saitek D+ seinen Gegner nicht wieder entwischen. Notwendig war 46...Kg6.} 47. Ne6 $1 {Hier scheint die selektive Suche des Kaplan Programms zu greifen. Gegen den Angriff der weissen Figuren gibt es keine Verteidigung.} Rg2 48. Rf7 Kg6 (48... Ne8 49. Nf8 Nf6 50. Rxf6+ Kg7 51. Rf5 $18) 49. Rg7+ Kh6 50. h4 $1 {Der selbstverständliche Todesstoss mit der Mattdrohung hxg5.} gxh4 (50... Nxg4 51. hxg5+ Kh5 52. Nf4+ Kh4 53. Nxg2+) 51. g5+ Rxg5 (51... Kh5 52. Nf4# {Matt}) 52. Rxg5 h3 53. Kf2 a4 54. bxa4 b3 55. Rg7 Nh5 56. Rb7 Kg6 {***AUFGEGEBEN***} 1-0

[Event "Match 78__120'/40"]
[Site "Zurich"]
[Date "2024.??.??"]
[Round "32"]
[White "Mephisto Polgar sel. 5"]
[Black "Saitek D+ EGR 10 MHz"]
[Result "1-0"]
[WhiteElo "1991"]
[BlackElo "1992"]
[Annotator "Utzinger,K"]
[PlyCount "78"]
[EventDate "2024.05.22"]
[EventType "match"]
[SourceVersionDate "2024.04.21"]

{[%evp 0,78,13,10,80,58,90,67,92,97,64,54,48,30,81,53,47,40,45,41,116,117,85,102,133,139,142,153,137,72,117,115,121,105,161,117,104,73,73,58,58,58,207,147,220,253,278,321,293,320,444,425,451,450,453,455,455,455,477,398,430,423,434,426,489,529,537,531,1888,561,580,600,29979,29980,29985,29988,29989,29988,29989,29990,29991]} 1. e4 {[%mdl 1]} g6 {Match 120'/40 | Bediener: Rolf Bühler | 01.09.2024 | Match 120'/40 | 32. Partie: Weiss (Saitek D+) gewinnt | Zwischenstand: 16,5-15,5 (51,5%) für Mephisto Polgar / hypothetisch: 20-12 (62,5%) für Mephisto Polgar | Eröffnung: Caro-Kann Verteidigung 3...g6 | Mit zwei für unsere Oldies kaum erkennbaren Fehlern, 9...Tc8? und 13...Lh4? begibt sich der Saitek D+ in eine kaum mehr verteidigungsfähige Stellung. Das Problem von Schwarz ist der in der Brettmitte gefangene König, auch wenn die Damen bereits verschwunden sind. Als dann nochmals ein schwächender Zug mit 18...e5? erfolgt, fallen die weissen Figuren wie Todesengel über die gegnerische Stellung her. Eine schrecklich anzusehende Niederlage des Kaplan-Programms.} 2. d4 Bg7 3. Nc3 {***ENDE BUCH*** +/= (0.46) (57% +15% =84% -1%)} c6 4. Nf3 d5 {***ENDE BUCH*** +/= (0.32) (54% +10% =88% -1%) Über den Umweg der Modernen Verteidigung ist eine Caro-Kann Verteidigung mit 3...g6 entstanden.} 5. exd5 (5. h3 {was ...Lg4 verhindert, gilt als stärkste Antwort.} dxe4 {kaum zu vermeiden} 6. Nxe4 Nf6 7. Nxf6+ exf6 $1 8. Bd3 $14 (8. Bc4 $14)) 5... cxd5 6. Bf4 Bg4 7. h3 Bxf3 {Der riesenstarke Springer wird beseitigt, die richtige Strategie in diesem Stellungstyp.} 8. Qxf3 Nc6 9. Bb5 {[#]} Rc8 $2 $18 {[%mdl 2] Gemäss Engines eine schlechte Wahl, die bereits den Keim des Verlusts in sich trägt: +- (2.15) (99% +99% =1% -0%). Keine Probleme hat Schwarz nach 9...Sf6.} 10. Qxd5 Bxd4 11. O-O-O Qxd5 {Absolut notwendig war vorerst 11...Lxc3. Nach dem Textzug schätzen die übermächtigen Engines die Stellung als für Weiss gewonnen ein.} 12. Nxd5 Bxf2 13. Rhf1 {[#]} Bh4 $2 {[%mdl 2] Nur 13...Lb6 war eine Verteidigungsidee wert. Nach dem fehlerhaften Textzug hat Weiss eine gewonnene Stellung.} 14. Rf3 {Den einfacheren, aber komplizierten Gewinn mit 14.Sc7+ usw. ist schlicht zu tief für unsere Oldies.} (14. Nc7+ Kf8 15. Ne6+ Ke8 16. Nc5 a6 (16... Kf8 17. Nxb7 Kg7 18. c3 $18) 17. Be2 Nd4 18. Rxd4 Rxc5 19. Bf3 b6 20. b4 Rc8 21. Bb7 $18) 14... a6 $2 {Das beschleunigt den schwarzen Untergang erheblich.} 15. Bxc6+ bxc6 (15... Rxc6 16. Nc7+ Kf8 17. Rd8+ Kg7 18. Ne8+ Kf8 19. Be5 Bg5+ 20. Kd1 f6 21. Nxf6+ Kf7 22. Nxg8+ Bf6 23. Bxf6 Rxf6 24. Rxf6+ exf6 25. Nh6+ Kg7 26. Rxh8 Kxh8 27. Nf7+ Kg7 28. Nd6 $18) 16. Rc3 {Das genügt, auch wenn 16.Sb6 stärker ist.} f6 17. Nc7+ {Macht die Sache unnötig kompliziert.} (17. Nb6 Rd8 18. Rxd8+ Kxd8 19. Rxc6 e5 20. Rc8+ Ke7 21. Bd2 $18) 17... Kf7 18. Rxc6 {[#]} e5 $2 {[%mdl 2] +- (3.10) (100%) Dieser die 7. Reihe schwächende Bauernvorstoss erleichtert den Gewinn für Weiss aber doch recht erheblich. Starken Widerstand, zumindest für unsere Oldies, hätte 18...g5 geleistet mit einer über fast 2 Bauernheinheiten besser liegenden Bewertung: +/- (1.15) (84% )} 19. Rd7+ Ne7 20. Bd2 a5 {verhindert Lb4} 21. Re6 {Weiss erhöht den Druck gewaltig.} Rhe8 22. Red6 Rf8 23. Nd5 Rce8 24. Bh6 Rh8 25. g3 {Ablenkung des Lh4 von f6. Weiss gewinnt entscheidend Material.} Bg5+ 26. Bxg5 fxg5 27. Rf6+ Kg7 28. Re6 Rhf8 (28... Kf7 29. Rdxe7+ Rxe7 30. Rxe7+ {und gewinnt}) 29. Rxe5 Rf1+ 30. Kd2 Rf2+ 31. Kd1 Rh2 32. Rdxe7+ Rxe7 33. Rxe7+ {Weiss hat im gegnerischen Lager schrecklich gewütet.} Kh8 34. c4 Rh1+ 35. Ke2 Rxh3 36. Nf6 Rh1 37. c5 Rh2+ 38. Kd3 Rh3 39. c6 Rxg3+ {***AUFGEGEBEN***} 1-0